000 00466ntaaa2200193 4500
003 01
005 20251027202034.0
008 0714s1973 ag 01
040 _aAR-BaBN
_bspa
_cAR-BaBN
_eaacr
_dRIC
082 _a251.0000 C36
100 _aChappell, Clovis G
_99990
245 _aAnointed to preach
250 _a1 ed.
260 _aNew York :
_bAbingdon Press,
_cc1951
300 _a124 p
650 _ahomilética
_91351
650 _apredicación
942 _cBK
999 _c15195
_d15195